| 000 | 004550000a22001690004500 | ||
|---|---|---|---|
| 003 | MACL | ||
| 005 | 20160101115052.0 | ||
| 008 | 160101b xxu||||| |||| 00| 0 eng d | ||
| 040 |
_aMACL _cMACL |
||
| 041 | _aEnglish | ||
| 082 | _a338.7/KON | ||
| 100 |
_aTyurin, M Kondrashova _926136 |
||
| 245 | _aIn foreign Lands And at Home | ||
| 260 |
_bForeign Languages Publishing House _c1951 _aMoscow |
||
| 650 |
_aProduction _926138 |
||
| 942 |
_cBK _k338.7/Tyu _2ddc |
||
| 999 |
_c35412 _d35412 |
||